01017nac a22003257a 4500001001000000003000900010005001700019008003400036040005400070072000800124100001800132100002300150110008700173245013200260260003600392300001100428490009700439650001200536650001300548650001000561650001100571650001100582650001000593650000900603650002100612650001500633650001000648650002200658650001100680BR6001364BR-BrBNA20240105113004.0230509b bl.|||m| |||| 00| 0 por d aBR-BrBNAbporcBiblioteca Nacional de Agricultura aF001 aBaldazani, G.1 aZimmermann, F.J.P.1 aSecretaria da Agricultura do Parana, Curitiba (Brasil). Depto. da Producao Vegetal1 aResultados experimentais do ano agricola 1968/69 [algodao, amendoim, arroz, cevada, feijao, milho, soja, trigo, Parana, Brasil]3 aCuritiba, PR (Brasil): c1969.  a113 p. aCircular - Secretaria da Agricultura do Parana. Depto. da Producao Vegetal (Brazil)vno. 5x aALGODAO aAMENDOIM aARROZ aCEVADA aFEIJAO aMILHO aSOJA aPRATICA CULTURAL aRENDIMENTO aTRIGO aPESQUISA AGRICOLA aPARANA